000 00489nam a2200181Ia 4500
003 LK-CoDNM
005 20240502131931.0
008 010623t1938 xxu||||| |||| 00| 1 sin d
040 _aLK-CoDNM
_dLK-CoDNM
_eLK-CoDNM
041 _asin
080 _aඩ6
100 _aSoratha Thero,
245 _aකාව්‍යශේඛර සංග්‍ර‍හය
246 _aKaawyashekara Sangrahaya
260 _bM.D.Gunasena
_aColombo
_c1938
300 _bxi,vii,152p.,18 cm
942 _cBK
999 _c98927
_d98927